200 bài tập nâng cao Hóa học 11
v.v...
Đã lưu trong:
| Tác giả chính: | |
|---|---|
| Định dạng: | Sách |
| Năm xuất bản: |
H.
Đại học sư phạm
2007
|
| Chủ đề: | |
| Tags: |
Thêm thẻ
Không có thẻ, Hãy là người đầu tiên gắn thẻ bản ghi này!
|
| LEADER | 00848nam a2200181 4500 | ||
|---|---|---|---|
| 082 | |a 540.76 |b NG527V | ||
| 100 | |a Nguyễn Văn Thoại | ||
| 245 | |a 200 bài tập nâng cao Hóa học 11 |c Nguyễn Văn Thoại, Nguyễn Hữu Thực | ||
| 260 | |a H. |b Đại học sư phạm |c 2007 | ||
| 300 | |a 143 tr |c 24 cm | ||
| 520 | |a v.v... | ||
| 653 | |a Hóa học | ||
| 653 | |a Lớp 11 | ||
| 653 | |a Giải bài tập | ||
| 942 | |2 ddc |c STK0 | ||
| 999 | |c 7546 |d 7546 | ||
| 952 | |0 0 |1 0 |2 ddc |4 0 |6 540_760000000000000_NG527V |7 0 |8 500 |9 68049 |a qbu |b qbu |c D3 |d 2015-02-20 |g 18000 |l 1 |o 540.76 NG527V |p 7027.c1 |r 2018-12-21 |s 2018-12-10 |w 2015-02-20 |y STK0 |0 0 |6 540_760000000000000_NG527V | ||
| 952 | |0 0 |1 0 |2 ddc |4 0 |6 540_760000000000000_NG527V |7 0 |8 500 |9 68050 |a qbu |b qbu |c D3 |d 2015-02-20 |g 18000 |l 1 |o 540.76 NG527V |p 7027.c2 |r 2018-12-24 |s 2018-12-19 |w 2015-02-20 |y STK0 |0 0 |6 540_760000000000000_NG527V | ||